Vplyv teplotných charakteristík na navrhovanie vozoviek

Gespeichert in:
Bibliographische Detailangaben
1. Verfasser: Baľáková, Desana (Verfasst von)
Weitere Verfasser: Hodáková, Dominika (Betreuung Doktorarbeit)
Format: Manuskript Buch
Sprache:Slowakisch
Veröffentlicht: 2020
Schlagworte:
Online-Zugang:http://is.stuba.sk/zp/portal_zp.pl?podrobnosti=152256
https://opac.crzp.sk/?fn=detailBiblioForm&sid=F0D9EA643ED404031DEC171BE0B8
Tags: Tag hinzufügen
Keine Tags, Fügen Sie das erste Tag hinzu!

MARC

LEADER 00000ntm a22000003a 4500
001 stuzp79616
003 SK-STU
005 20230516123147.6
007 ta
008 150427s2015----xo-----f-mn---000-0-slo-d
040 |a STU  |b slo 
041 0 |a slo 
100 1 |a Baľáková, Desana  |u 010120  |4 aut  |U SvF Stavebná fakulta  |T SvF Katedra dopravných stavieb  |X 77323  |U V120  |Y 12  |7 77323 
242 0 1 |a Effect of temperature characteristics on the pavements design  |y eng 
245 1 0 |a Vplyv teplotných charakteristík na navrhovanie vozoviek 
260 |c 2020 
650 4 |a asfaltová vozovka  |2 slo 
650 4 |a teplotný rozdiel  |2 slo 
650 4 |a cementobetónová vozovka  |2 slo 
650 4 |a priemerná ročná teplota vzduchu  |2 slo 
650 4 |a napätie  |2 slo 
650 4 |a klimatické podmienky  |2 slo 
650 4 |a cement concrete pavement  |2 eng 
650 4 |a temperature regime  |2 eng 
650 4 |a climate conditions  |2 eng 
650 4 |a temperature gradient  |2 eng 
650 4 |a stresses  |2 eng 
650 4 |a asphalt pavement  |2 eng 
700 1 |a Hodáková, Dominika  |u 010120  |k Z1  |4 ths  |U SvF Stavebná fakulta  |T SvF Katedra dopravných stavieb  |X 21642  |U V120  |Y 12  |7 A000021642 
856 4 |u http://is.stuba.sk/zp/portal_zp.pl?podrobnosti=152256 
856 4 |u https://opac.crzp.sk/?fn=detailBiblioForm&sid=F0D9EA643ED404031DEC171BE0B8